000 00291nam a2200121 i 4500
001 bg
245 0 _aTendencje zmian programowych w szkołach wyższych.
260 _aWarszawa-Dęblin,
_c1984.
040 _cBPK
041 _apol
942 _cKS
008 s pl f |000 0 pol
999 _c28427
_d28427
856 _uhttp://koha.tu.koszalin.pl/cgi-bin/koha/opac-detail.pl?biblionumber=28427
_yKatalog online BPK